000 00487cam a2200193ua 4500
001 5160
005 20260515113836.0
008 120729n nyu |||gr||||Z||||||eng
040 _cMAIN
082 _a822.33
100 _aShakespeare,
_eAuthor,
245 1 1 _aMindsummer nights dream
_cby Shakespeare
250 _a1st.
260 _aNew york:
_bOxford university press,
_c1961.
300 _a192p:
_c15cm.
653 _aEnglish drama
700 _aHorwood, F. C.,
_eEditor,
942 _cBK
999 _c4338
_d4338